000 00968nam0a22002891 4500
001 RU\NLR\INFOCOMM_253\5000017032
005 20250613093349.0
035 _a(NLR Aleph) 009199799
090 _a8682601
_c8682601
100 _a20100423d1968 |||y0rusy50 ca
101 0 _ager
102 _aRU
105 _ay ||||000|y
200 1 _aDer Marxismus und die sowjetische Ökonomik
_fG. Chromuschin
210 _aΜ.
_cAPN-Verl.
_d[1968]
215 _a165 с.
_d16 см
300 _aНа обл. авт. не указан
300 _aВ вып. дан.: Г. Хромушин. Марксизм и советская экономика
607 _aСССР
_xНародное хозяйство
_2nlr_sh1
686 _aЭ1-250
_2rubbk
700 1 _9z02790
_aChromušin
_bG. B.
_gGennadij Borisovič
_4070
790 1 _9z02700
_aChromuschin
_bG.
_4070
801 1 _aRU
_bNLR
_c20100423
801 0 _aRU
_bNLR
_gPSBO
852 _aNLR
_jЭк31 Д-1/15
942 _cBOOK
980 _aNB